LEADER 01028nam0-2200301 --450 001 9910911597403321 005 20241205171838.0 010 $a0521261716 100 $a20241205d1984----kmuy0itay5050 ba 101 0 $aeng 102 $aGB 105 $a 001yy 200 1 $aMode of action of antifungal agents$esymposium of the British mycological society held at the University of Manchester, Manchester, September 1983$fedited by A. P. J. Trinci and J. F. Ryley 210 $aCambridge [etc.]$cCambridge university press$d1984 215 $aX, 405 p.$cill.$d23 cm. 225 1 $aBritish Mycological Society symposium series$v9 610 0 $aMicosi 676 $a616.969$v23$zita 702 1$aRyley,$bJohn F. 702 1$aTrinci,$bA. P. J. 710 02$aBritish Mycological Society$065334 801 0$aIT$bUNINA$gREICAT$2UNIMARC 901 $aBK 912 $a9910911597403321 952 $aA CHI 213$b15399/2024$fFAGBC 959 $aFAGBC 996 $aMode of action of antifungal agents$94293031 997 $aUNINA